000 00709nam a2200229Ia 4500
003 LK-CoDNM
005 20241101094957.0
008 010623t1922 xxu||||| |||| 00| 1 sin d
040 _aLK-CoDNM
_dLK-CoDNM
_eLK-CoDNM
041 _asin
080 _a104 A 15
100 _aDharmarama,Dharmakirti Sri
245 _aසැලළිහිණි සංදේශය-Part II
246 _aSelalihini Sandesaya
260 _bD.A Wanigasuriya Appuhamy
_aColombo
_c1922
300 _b69p, 21 260: 4th cm
650 _aParani Sinhala kavi Poth
650 _asandesha Literature
650 _aසැලළිහිණි සංදේශය-Part II
700 _aSri Rahula Thero,Totagamuwe.
942 _cBK
999 _c225002
_d225002